000 00850nam a2200265 i 4500
001 66685
003 ES-MaACL
005 20240501063034.0
007 t|
008 030407s2003 sp ||||0| spa d
020 _a84-670-0412-6
040 _aM-BN
_bspa
_cM-BN
080 _a929 Otero, Caroline
100 0 _aFiguero, Javier,
_d1948-
_950774
245 1 0 _aArruíname, pero no me abandones
_b: la Bella Otero y la Belle Epoque /
_cJavier Figuero, Marie-Hélène Carbonel.
260 _aMadrid :
_bEspasa Calpe,
_c[2003]
300 _a404 p., [16] p. de lám ;
_c24 cm.
490 1 _aEspasa fórum
500 _aIndice.
600 1 4 _aOtero, Caroline-
_vBiografías.
_987880
700 1 _aCarbonel, Marie-Hélène.
_935031
830 0 _aEspasa fórum
_9179708
852 _aES-MaACL
_jL-27145
_bR.132779
999 _c66685
_d66685